[Event "40th Bosna Open"]
[Site "Sarajevo BIH"]
[Date "2010.05.08"]
[Round "4"]
[White "Martinovic,Sa"]
[Black "Sutkovic,D"]
[Result "1-0"]
[WhiteElo "2515"]
[BlackElo "2304"]
[EventDate "2010.05.05"]

1. d4 d6 2. Nf3 Nf6 3. c4 g6 4. Nc3 Bf5 5. Qb3 b6 6. Ng5 Bd7 7. e4 Nc6 8.
Nf3 e5 9. d5 Nd4 10. Qd1 Bg4 11. Be2 Nxe2 12. Qxe2 Bg7 13. Be3 Nh5 14. h3
Bd7 15. O-O-O Nf4 16. Qf1 O-O 17. g3 Nh5 18. g4 Nf4 19. Ne2 Re8 20. Ne1 c6
21. dxc6 Bxc6 22. f3 Qc7 23. Nc2 Ne6 24. Nc3 Rac8 25. Kb1 Bd7 26. Rh2 Nf4
27. Na3 a6 28. Rhd2 Bc6 29. h4 Red8 30. h5 Rb8 31. Rc1 Qb7 32. Nd5 Nxd5 33.
cxd5 Be8 34. Rdc2 Rdc8 35. Rxc8 Rxc8 36. Rxc8 Qxc8 37. Bxb6 gxh5 38. gxh5
f5 39. Qh3 Bh6 40. Nc2 Ba4 41. b3 Qb7 42. Be3 Bxe3 43. Nxe3 Bxb3 44. Qg2+
Kf8 45. Qb2 1-0

[Event "40th Bosna Open"]
[Site "Sarajevo BIH"]
[Date "2010.05.08"]
[Round "4"]
[White "Saric,A"]
[Black "Feher,Ad"]
[Result "1-0"]
[WhiteElo "2489"]
[BlackElo "2247"]
[EventDate "2010.05.05"]

1. Nf3 c5 2. g3 Nf6 3. Bg2 Nc6 4. d4 e6 5. c4 cxd4 6. Nxd4 Qb6 7. Nb3 Ne5
8. O-O d6 9. Na3 Be7 10. Bf4 Ng6 11. c5 dxc5 12. Nc4 Qb4 13. Nd6+ Kf8 14.
Be3 c4 15. Bc5 Qa4 16. Qd4 e5 17. Qxc4 Qxc4 18. Nxc4 Be6 19. Nca5 e4 20.
Nxb7 Rb8 21. Nd6 Nd7 22. Nxe4 Nxc5 23. Nexc5 Bxc5 24. Nxc5 Rxb2 25. Nxe6+
fxe6 26. Rfb1 Rxb1+ 27. Rxb1 Ke7 28. Rb7+ Kf6 29. Rxa7 Rb8 30. Rb7 Rd8 31.
Rb1 Rd2 32. Ra1 Rxe2 33. a4 Rc2 34. a5 Rc7 35. a6 Ra7 36. Bb7 Ne5 37. Rc1
Nd7 38. Kg2 Nb8 39. Ra1 Nd7 40. Ra5 e5 41. Kf3 Ke6 42. Bc8 Kd6 43. Bxd7
Kxd7 44. Ke4 Kd6 45. g4 h6 46. h4 g6 47. f3 h5 48. g5 1-0

[Event "40th Bosna Open"]
[Site "Sarajevo BIH"]
[Date "2010.05.08"]
[Round "4"]
[White "Stojanovic,Da"]
[Black "Terzic,I"]
[Result "1-0"]
[WhiteElo "2481"]
[BlackElo "2241"]
[EventDate "2010.05.05"]

1. e4 c5 2. Nf3 e6 3. d4 cxd4 4. Nxd4 Nf6 5. Bd3 Nc6 6. Nxc6 bxc6 7. O-O d5
8. Nd2 Be7 9. Qe2 O-O 10. e5 Nd7 11. c4 Ba6 12. Re1 Nc5 13. Bc2 dxc4 14.
Ne4 Nd3 15. Bxd3 cxd3 16. Qg4 Rb8 17. Bh6 g6 18. Bxf8 Qxf8 19. b3 Rb4 20.
Qf3 Rd4 21. Red1 Qb8 22. Nf6+ Bxf6 23. exf6 Qd6 24. Rac1 Rd5 25. Qe3 c5 26.
Qh6 Qf8 27. Qf4 Qd8 28. Qa4 Qc8 29. Rd2 e5 30. Qe4 Qd7 31. b4 Bb7 32. Qh4
Qd6 33. bxc5 Rxc5 34. Rb1 Qd5 35. Qg3 e4 36. Qb8+ Rc8 37. Qf4 g5 38. Qe3 a6
39. Rxb7 Qxb7 40. Qxg5+ Kf8 41. Qg7+ Ke8 42. Qg8+ Kd7 43. Qxf7+ Kc6 44.
Qe6+ Kc7 45. Qe5+ 1-0

[Event "40th Bosna Open"]
[Site "Sarajevo BIH"]
[Date "2010.05.08"]
[Round "4"]
[White "Kurajica,B"]
[Black "Efimenko,Z"]
[Result "1/2-1/2"]
[WhiteElo "2548"]
[BlackElo "2677"]
[EventDate "2010.05.05"]

1. d4 Nf6 2. Nf3 g6 3. g3 Bg7 4. Bg2 d5 5. O-O O-O 6. Nbd2 Bf5 7. c4 c6 8.
e3 Nbd7 9. Qe2 Qa5 10. Re1 Rac8 11. a3 Qa6 12. h3 c5 13. g4 Be6 14. g5 Nh5
15. cxd5 Qxe2 16. Rxe2 Bxd5 17. Ne1 Bxg2 18. Nxg2 cxd4 19. exd4 e5 20. dxe5
Nxe5 21. Nb3 Rfd8 22. Ne1 Nd3 23. Kf1 Nhf4 24. Nxd3 Nxd3 25. Be3 Nxb2 26.
Bxa7 Rd3 27. Rae1 f5 28. gxf6 Bxf6 29. Re3 Rxe3 30. Bxe3 Nc4 31. Bc5 Ra8
32. Bb4 b5 33. Re6 Bb2 34. Kg2 Bxa3 35. Bxa3 Rxa3 36. Nd4 b4 37. Re8+ Kf7
38. Rb8 Rd3 39. Ne2 Rb3 40. Rb7+ Kf6 41. Nc1 Rb1 42. Na2 b3 43. Nc3 Rb2 44.
Na4 Ra2 45. Nc3 Na5 46. Rb5 Ra1 47. Ne4+ Kf7 48. Nc5 Ra3 49. Rb6 Ke7 50. h4
Kd8 51. Ne6+ Kc8 52. Nd4 Ra2 53. Nxb3 Rb2 54. Rb5 Nxb3 55. h5 Kd8 56. hxg6
hxg6 57. Rb6 Ke7 58. Rxg6 Nc5 59. Rg4 Nd3 60. Re4+ Kf6 61. Kf3 Kf5 62. Ke3
Rb3 63. Re8 Nf4+ 64. Kd4 Ne6+ 65. Kc4 Rf3 66. Re7 Ke5 67. Rd7 Rf4+ 68. Kc3
Rxf2 69. Rd2 Rf4 70. Rd1 Nd4 71. Kc4 Re4 72. Kd3 Nb5 73. Rh1 Nd6 74. Rh5+
Nf5 75. Rh8 Re3+ 76. Kd2 Ra3 77. Re8+ Kd5 78. Ke2 Ng3+ 79. Kf2 Ne4+ 80. Ke2
Ra2+ 81. Ke3 Nd6 82. Rd8 Ke5 83. Rd7 Nc4+ 84. Kf3 Ra3+ 85. Kf2 Nd6 86. Ke2
Nf5 87. Kd2 Ke4 88. Rd8 Ne3 89. Re8+ Kd4 90. Ke2 Nd5 91. Rd8 Rb3 92. Kf2
Rh3 93. Kg2 Rd3 94. Kf2 Ke4 95. Re8+ Kf5 96. Rf8+ Nf6 97. Ke2 Rh3 98. Kd2
Ke5 99. Kc2 Rf3 100. Rd8 Ra3 101. Kb2 Rh3 102. Rd2 Nd5 103. Rd1 Kd6 104.
Rc1 Nb6 105. Rc2 Kd5 106. Rc7 Kd4 107. Kc2 Nd5 108. Rc8 Nb4+ 109. Kb2 Nd3+
110. Kc2 Rh2+ 111. Kb1 Rb2+ 112. Ka1 Rb5 113. Rc2 Rb8 114. Rc7 Nc5 115. Ka2
Ne4 116. Ka3 Nd2 117. Ka2 Nc4 118. Rh7 Ne3 119. Ka3 Rb1 120. Ka4 Rb6 121.
Rc7 Nd5 122. Ka5 Rb3 123. Rc1 Nc3 124. Ka6 Kc5 125. Rh1 Rb6+ 126. Ka7 Nb5+
127. Ka8 Re6 128. Kb7 Re7+ 129. Kc8 Na7+ 130. Kd8 Nc6+ 131. Kc8 Nd4 132.
Rh6 Nf5 133. Kd8 Rf7 134. Ra6 Kd5 135. Ke8 Rb7 136. Kf8 Ke5 137. Kg8 Ne7+
138. Kf8 Nd5 139. Rc6 Ra7 140. Ke8 Nf4 141. Kd8 Kd5 142. Rb6 Ne6+ 143. Ke8
Nd4 144. Kf8 Nc6 145. Kg8 Ne5 146. Rf6 Ke4 147. Rf1 Ng4 148. Kf8 Ke5 149.
Re1+ Kf6 150. Rf1+ Ke6 151. Re1+ Ne5 152. Kg8 Ra2 153. Rg1 Rf2 154. Kg7 Rf5
155. Ra1 Rg5+ 156. Kh6 Nf7+ 157. Kh7 Nd6 158. Rf1 Nf5 159. Ra1 Rg7+ 160.
Kh8 Rd7 161. Ra8 Kf6 162. Ra6+ Nd6 163. Kg8 Ke6 164. Rb6 Ra7 165. Kf8 Ra4
166. Kg7 Rg4+ 167. Kh6 Rg2 168. Kh5 Kf5 169. Kh4 Ne4 170. Kh3 Rg7 171. Kh2
Kf4 172. Rb8 Nd2 173. Rf8+ Ke3 174. Kh3 Rg1 175. Kh4 Ne4 176. Kh5 Nd6 177.
Kh6 Ke4 178. Kh7 Ke5 179. Rf2 Nf5 180. Ra2 Rg7+ 181. Kh8 Rd7 182. Ra6 Nd6
183. Kg8 Kf6 184. Rb6 Kg6 185. Kf8 Rf7+ 186. Kg8 Rf6 187. Rb1 Re6 188. Rg1+
Kf6 189. Rf1+ Nf5 190. Kf8 Re2 191. Rb1 Rd2 192. Rb6+ Nd6 193. Rb1 Rf2 194.
Rb6 Ke5+ 1/2-1/2

[Event "40th Bosna Open"]
[Site "Sarajevo BIH"]
[Date "2010.05.09"]
[Round "5"]
[White "Svetushkin,D"]
[Black "Berczes,D"]
[Result "1/2-1/2"]
[WhiteElo "2547"]
[BlackElo "2519"]
[EventDate "2010.05.05"]

1. e4 c6 2. d4 d5 3. e5 c5 4. dxc5 e6 5. Nf3 Bxc5 6. Bd3 Nc6 7. c3 f6 8. b4
Be7 9. Bf4 fxe5 10. Nxe5 Nf6 11. O-O O-O 12. Nd2 Bd6 13. Qe2 Qc7 14. Ndf3
Ne4 15. g3 Nxe5 16. Bxe5 Bxe5 17. Nxe5 Qxe5 18. f3 Qxc3 19. fxe4 Bd7 20.
exd5 Qd4+ 21. Kg2 exd5 22. Rae1 Rac8 1/2-1/2

[Event "40th Bosna Open"]
[Site "Sarajevo BIH"]
[Date "2010.05.09"]
[Round "5"]
[White "Solak,D"]
[Black "Timofeev,Arty"]
[Result "0-1"]
[WhiteElo "2547"]
[BlackElo "2677"]
[EventDate "2010.05.05"]

1. e4 c5 2. Nf3 d6 3. d4 cxd4 4. Nxd4 Nf6 5. Nc3 e6 6. g3 Nc6 7. Bg2 Bd7 8.
O-O Be7 9. a4 O-O 10. Be3 a6 11. Nxc6 Bxc6 12. b4 Qc8 13. Bd4 Bd7 14. Qd3
Qc7 15. Nd1 Ng4 16. c4 Ne5 17. Qc3 Rfc8 18. c5 f6 19. f4 dxc5 20. bxc5 Ng4
21. Rc1 e5 22. fxe5 fxe5 23. Be3 Kh8 24. Kh1 Nxe3 25. Nxe3 Qxc5 26. Qd2 Qd4
27. Qxd4 exd4 28. Nf5 Rxc1 29. Rxc1 Bf6 30. a5 Bc6 31. e5 Bxg2+ 32. Kxg2
Bxe5 33. Rc5 Re8 34. Rd5 Bf6 35. Nd6 Re7 36. Kf3 Rd7 37. Ke4 Kg8 38. h4 Kf8
39. h5 Ke7 40. Nf5+ Ke6 41. Nxd4+ Bxd4 42. Rxd4 Rxd4+ 43. Kxd4 Kd6 44. g4
h6 45. Ke4 b5 46. axb6 a5 47. g5 hxg5 0-1

[Event "40th Bosna Open"]
[Site "Sarajevo BIH"]
[Date "2010.05.09"]
[Round "5"]
[White "Gustafsson,J"]
[Black "Sebenik,M"]
[Result "1-0"]
[WhiteElo "2640"]
[BlackElo "2515"]
[EventDate "2010.05.05"]

1. d4 d5 2. c4 c6 3. Nc3 Nf6 4. e3 a6 5. Nf3 Bf5 6. Qb3 Ra7 7. a4 e6 8. a5
Nbd7 9. Be2 Bd6 10. O-O h6 11. Bd2 Ne4 12. Nxe4 Bxe4 13. Bb4 Bxb4 14. Qxb4
Qe7 15. Qxe7+ Kxe7 16. Nd2 Bg6 17. Rfc1 dxc4 18. Nxc4 f6 19. Rc3 Bf7 20.
Kf1 Raa8 21. Ra4 Rab8 22. Rb4 Rhc8 23. Ke1 Rc7 24. f4 c5 25. Nb6 e5 26.
fxe5 fxe5 27. Nxd7 exd4 28. Nxb8 dxc3 29. Re4+ Kd6 30. bxc3 Bd5 31. Re8
Bxg2 32. Bg4 c4 33. Kf2 Bd5 34. e4 Bf7 35. Rd8+ Ke5 36. Ke3 h5 37. Bh3 g5
38. Bf5 1-0

[Event "40th Bosna Open"]
[Site "Sarajevo BIH"]
[Date "2010.05.09"]
[Round "5"]
[White "Brkic,A"]
[Black "Krivoborodov,E"]
[Result "1-0"]
[WhiteElo "2573"]
[BlackElo "2490"]
[EventDate "2010.05.05"]

1. e4 c5 2. Nf3 d6 3. d4 cxd4 4. Nxd4 Nf6 5. Nc3 Nc6 6. Bg5 e6 7. Qd2 a6 8.
O-O-O Be7 9. f4 Nxd4 10. Qxd4 b5 11. Be2 Bb7 12. Bf3 O-O 13. e5 Bxf3 14.
exf6 gxf6 15. gxf3 fxg5 16. Ne4 d5 17. h4 Qc7 18. Nxg5 Qc4 19. Qe5 Rac8 20.
c3 Qc7 21. Rxd5 Qxe5 22. Rxe5 Bd6 23. Re4 h6 24. Nh3 Kg7 25. Nf2 Rc5 26.
Rg1+ Kh7 27. Rd1 Rd5 28. h5 Rxd1+ 29. Kxd1 Rc8 30. Ng4 Kg7 31. Rd4 Bb8 32.
Ne5 Kf6 33. Nd7+ Kf5 34. Nxb8 Rxb8 35. Ke2 Rb6 36. Ke3 Rc6 37. a4 Kf6 38.
a5 Ke7 39. f5 Rc5 40. f6+ Kxf6 41. Rd6 Rxh5 42. Rxa6 Re5+ 43. Kf2 Rd5 44.
b4 Kg5 45. Rc6 Kf4 46. c4 bxc4 47. Rxc4+ Ke5 48. a6 Rd2+ 49. Kg3 Ra2 50. b5
Kd6 51. Rc8 Kd7 52. Rf8 Kc7 53. Rxf7+ Kb8 54. Re7 Ra5 55. Rxe6 Rxb5 56.
Rxh6 Ra5 57. f4 Kc7 58. Kg4 Kd7 59. a7 1-0

[Event "40th Bosna Open"]
[Site "Sarajevo BIH"]
[Date "2010.05.09"]
[Round "5"]
[White "Jankovic,A"]
[Black "Wang Hao"]
[Result "0-1"]
[WhiteElo "2559"]
[BlackElo "2722"]
[EventDate "2010.05.05"]

1. d4 d5 2. c4 c6 3. Nf3 Nf6 4. Nc3 dxc4 5. a4 Bf5 6. Nh4 Bg4 7. h3 Bh5 8.
g4 Bg6 9. Nxg6 hxg6 10. e4 e5 11. Bxc4 exd4 12. e5 Bb4 13. exf6 dxc3 14.
Qxd8+ Kxd8 15. Ke2 gxf6 16. bxc3 Bd6 17. Bxf7 g5 18. Be3 Nd7 19. h4 gxh4
20. Bh5 Kc7 21. Rxh4 a5 22. Rhh1 Rag8 23. f4 Bc5 24. Bd2 Nb6 25. c4 Nxc4
26. Bc3 Rd8 27. Bg6 Rxh1 28. Rxh1 Bd4 29. Rh7+ Kb6 30. Be1 Nb2 31. Rh5 Ra8
32. Rf5 Nxa4 33. Kd3 c5 34. Kc2 Nb2 35. Bf7 Rf8 36. Bd5 Re8 37. Bd2 Re2 38.
g5 fxg5 39. Rxg5 Be3 40. Kxb2 Rxd2+ 41. Kc3 Bxf4 42. Rg6+ Ka7 43. Kc4 Be3
44. Rg3 Bf2 45. Rf3 Rb2 46. Be4 Rb4+ 47. Kd5 Bd4 48. Bd3 Rb3 49. Kc4 a4 0-1

[Event "40th Bosna Open"]
[Site "Sarajevo BIH"]
[Date "2010.05.09"]
[Round "5"]
[White "Nisipeanu,LD"]
[Black "Bosiocic,Mari"]
[Result "1-0"]
[WhiteElo "2672"]
[BlackElo "2562"]
[EventDate "2010.05.05"]

1. d4 f5 2. g3 g6 3. Bg2 Bg7 4. Nf3 Nh6 5. h4 Nf7 6. h5 e6 7. Nc3 d5 8. g4
fxg4 9. hxg6 hxg6 10. Rxh8+ Bxh8 11. Nh2 c5 12. dxc5 g3 13. fxg3 Qc7 14.
Qd3 Ne5 15. Qd2 Qxc5 16. Qh6 Nf7 17. Qxg6 Qg1+ 18. Nf1 Qxg2 19. Bg5 Kf8 20.
O-O-O Nc6 21. Ne3 Qh3 22. Rf1 Nce5 23. Bh6+ Ke7 24. Ncxd5+ exd5 25. Rxf7+
Nxf7 26. Nxd5+ Kd7 27. Qxf7+ Kc6 28. Nb4+ Kb5 29. Qd5+ Ka4 30. b3+ 1-0

[Event "40th Bosna Open"]
[Site "Sarajevo BIH"]
[Date "2010.05.09"]
[Round "5"]
[White "Stefansson,H"]
[Black "D'Amore,C"]
[Result "1/2-1/2"]
[WhiteElo "2588"]
[BlackElo "2484"]
[EventDate "2010.05.05"]

1. e4 e5 2. Nf3 Nc6 3. Bb5 Nf6 4. O-O Nxe4 5. d4 Nd6 6. Bxc6 dxc6 7. dxe5
Nf5 8. Qxd8+ Kxd8 9. Nc3 Ne7 10. h3 Ke8 11. Re1 Ng6 12. Bd2 h6 13. Rad1 Be6
14. Nd4 Rd8 15. Nxe6 fxe6 16. Ne4 Be7 17. f4 h5 18. g3 h4 19. Bc1 Rd5 20.
c4 Rxd1 21. Rxd1 hxg3 22. Kg2 Nh4+ 23. Kxg3 b6 24. Rd3 1/2-1/2

[Event "40th Bosna Open"]
[Site "Sarajevo BIH"]
[Date "2010.05.09"]
[Round "5"]
[White "Brandenburg,D"]
[Black "Fier,A"]
[Result "1/2-1/2"]
[WhiteElo "2503"]
[BlackElo "2581"]
[EventDate "2010.05.05"]

1. e4 c5 2. c3 Nf6 3. e5 Nd5 4. Nf3 e6 5. Bc4 d6 6. d4 cxd4 7. cxd4 Nc6 8.
O-O Be7 9. Qe2 O-O 10. Qe4 Qc7 11. Bg5 dxe5 12. Bxe7 Ndxe7 13. dxe5 Ng6 14.
Re1 Ncxe5 15. Nxe5 Nxe5 16. Qxe5 Qxc4 17. Nc3 b6 18. Re4 Qc6 19. Rd1 Bb7
20. Rd6 Qc7 21. Red4 Rad8 22. h4 Rxd6 23. Qxd6 Qxd6 24. Rxd6 g6 25. a4 Rb8
26. Nb5 Bd5 27. Nxa7 Ra8 28. Nc6 Bxc6 29. Rxc6 Rxa4 30. h5 gxh5 31. Rxb6
Kg7 32. b4 Kg6 33. Kh2 Ra2 34. f3 h4 35. Rc6 Rb2 36. Rc4 f5 37. Rxh4 e5 38.
Rc4 Kg5 39. Kg1 h5 40. Kf1 Kf6 41. Rc6+ Kg5 42. Rc4 Kf6 1/2-1/2

[Event "40th Bosna Open"]
[Site "Sarajevo BIH"]
[Date "2010.05.09"]
[Round "5"]
[White "Neubauer,M"]
[Black "Kovacevic,A"]
[Result "0-1"]
[WhiteElo "2458"]
[BlackElo "2573"]
[EventDate "2010.05.05"]

1. d4 Nf6 2. c4 e6 3. Nc3 Bb4 4. Qc2 c5 5. dxc5 O-O 6. Nf3 Na6 7. g3 Nxc5
8. Bg2 Nce4 9. O-O Nxc3 10. bxc3 Bc5 11. Nd4 Qc7 12. Nb3 Be7 13. c5 Rb8 14.
Ba3 d6 15. cxd6 Bxd6 16. Bxd6 Qxd6 17. c4 Bd7 18. Rfd1 Qc7 19. c5 Rbc8 20.
Qd2 Bc6 21. Qd6 Bxg2 22. Kxg2 Ne4 23. Qxc7 Rxc7 24. Rac1 Rfc8 25. Rd4 Nf6
26. e4 Kf8 27. Rb4 Nd7 28. Rb1 g5 29. h3 h6 30. Ra4 b6 31. cxb6 axb6 32.
Rb2 Rc4 33. Rxc4 Rxc4 34. Nd2 Ra4 35. Kf3 Ke7 36. Ke3 Kd6 37. Rc2 b5 38. f4
gxf4+ 39. gxf4 Nc5 40. Kf3 f5 41. exf5 exf5 42. Nf1 Ne6 43. Rd2+ Kc5 44.
Ne3 Nd4+ 45. Kf2 Ra3 46. h4 h5 47. Ng2 Rf3+ 48. Kg1 Kc4 49. Rf2 Rxf2 50.
Kxf2 Nc2 51. Ke2 Kc3 52. Kd1 Kb2 53. a3 Kc3 54. Kc1 Kd3 55. Kb2 Nxa3 56.
Kxa3 Ke2 57. Kb4 Kf2 58. Ne1 Kxe1 59. Kxb5 Ke2 0-1

[Event "40th Bosna Open"]
[Site "Sarajevo BIH"]
[Date "2010.05.09"]
[Round "5"]
[White "Efimenko,Z"]
[Black "Trkulja,G"]
[Result "1-0"]
[WhiteElo "2677"]
[BlackElo "2343"]
[EventDate "2010.05.05"]

1. Nf3 Nf6 2. c4 c6 3. d4 d5 4. e3 g6 5. Nc3 Bg7 6. h3 O-O 7. Bd3 dxc4 8.
Bxc4 b5 9. Bd3 a6 10. O-O Nbd7 11. e4 Ne8 12. Bg5 Nc7 13. Qd2 Ne6 14. Bh6
c5 15. d5 Nd4 16. Nxd4 Bxh6 17. Qxh6 cxd4 18. Ne2 Nc5 19. Rad1 e5 20. dxe6
Bxe6 21. b3 Qf6 22. f4 Rad8 23. f5 Bc8 24. fxg6 Qxg6 25. Qh4 Kh8 26. Nf4
Qg7 27. Nh5 Qh6 28. Rf6 Qe3+ 29. Kh2 Rg8 30. Rf5 Nd7 31. Nf6 Rg7 32. Nd5
1-0

[Event "40th Bosna Open"]
[Site "Sarajevo BIH"]
[Date "2010.05.09"]
[Round "5"]
[White "Vuckovic,Bo"]
[Black "Bindrich,F"]
[Result "1/2-1/2"]
[WhiteElo "2640"]
[BlackElo "2539"]
[EventDate "2010.05.05"]

1. e4 c5 2. Nf3 d6 3. d4 cxd4 4. Nxd4 Nf6 5. Nc3 a6 6. Bg5 e6 7. f4 Nc6 8.
e5 h6 9. Bh4 dxe5 10. Nxc6 Qxd1+ 11. Rxd1 bxc6 12. fxe5 Nd7 13. Ne4 Bb7 14.
Bg3 c5 15. Nd6+ Bxd6 16. Rxd6 Ke7 17. Kf2 Be4 18. Be2 Bxc2 19. Rc1 Be4 20.
b4 cxb4 21. Rc7 Rhd8 22. Bxa6 Rab8 23. Bf4 Ke8 24. Bc4 g5 25. Bg3 Rb7 26.
Rxb7 Bxb7 27. Bb5 Ke7 28. Kg1 Nc5 29. Rxd8 Kxd8 30. Be1 b3 31. Ba5+ Kc8 32.
axb3 Nxb3 33. Bb4 Nd4 34. Be8 Nc6 35. Bxc6 Bxc6 36. Bf8 1/2-1/2

[Event "40th Bosna Open"]
[Site "Sarajevo BIH"]
[Date "2010.05.09"]
[Round "5"]
[White "Panarin,M"]
[Black "Ivanisevic,I"]
[Result "1/2-1/2"]
[WhiteElo "2521"]
[BlackElo "2630"]
[EventDate "2010.05.05"]

1. e4 c5 2. Nf3 d6 3. d4 Nf6 4. Nc3 cxd4 5. Nxd4 a6 6. Be2 e5 7. Nb3 Be7 8.
O-O Be6 9. Kh1 Nbd7 10. f4 Rc8 11. a4 O-O 12. Be3 Re8 13. f5 Bc4 14. a5 h6
15. Ra4 Bxe2 16. Qxe2 Rc6 17. Rd1 Qc7 18. Nc1 Rc8 19. Nd3 Rc4 20. Nb4 Qd8
21. Bg1 Bf8 1/2-1/2

[Event "40th Bosna Open"]
[Site "Sarajevo BIH"]
[Date "2010.05.09"]
[Round "5"]
[White "Mamedov,Nid"]
[Black "Dizdarevic,E"]
[Result "1-0"]
[WhiteElo "2614"]
[BlackElo "2498"]
[EventDate "2010.05.05"]

1. e4 e6 2. d4 d5 3. Nd2 c5 4. Ngf3 cxd4 5. exd5 Qxd5 6. Bc4 Qd6 7. O-O Nf6
8. Nb3 Nc6 9. Nbxd4 Nxd4 10. Nxd4 Be7 11. b3 O-O 12. Bb2 Qf4 13. g3 Qh6 14.
Qf3 Qh3 15. Rfe1 Ng4 16. Qg2 Qxg2+ 17. Kxg2 Nf6 18. Nf5 Bd8 19. Nd6 Bd7 20.
Be2 Bc6+ 21. Bf3 Bxf3+ 22. Kxf3 Rb8 23. c4 Bc7 24. Red1 a6 25. Rd3 b5 26.
Bxf6 bxc4 27. Nxc4 gxf6 28. Ke2 f5 29. Rc1 Rfd8 30. Nb2 Be5 31. Rxd8+ Rxd8
32. Nd3 Bd4 33. Nb4 Ra8 34. Rc4 Bf6 35. Nc6 Kf8 36. Ra4 Bc3 37. Kd3 Be1 38.
Ke2 Bc3 39. b4 Ke8 40. Kd3 Be1 41. Ke2 Bc3 42. b5 Kd7 43. Rxa6 Rxa6 44.
Nb8+ Kc7 45. Nxa6+ Kb6 46. a4 Ka5 47. Nc5 Bb4 48. Nd7 Bd6 49. Kd3 h5 50.
Kc4 f4 51. b6 fxg3 52. hxg3 Ka6 53. a5 Be7 54. Nc5+ Kxa5 55. b7 1-0

[Event "40th Bosna Open"]
[Site "Sarajevo BIH"]
[Date "2010.05.09"]
[Round "5"]
[White "Geetha,Narayanan Gopal"]
[Black "Grandelius,N"]
[Result "1-0"]
[WhiteElo "2604"]
[BlackElo "2476"]
[EventDate "2010.05.05"]

1. e4 c5 2. Nf3 e6 3. d4 cxd4 4. Nxd4 a6 5. Nc3 Qc7 6. Bd3 Nf6 7. O-O d6 8.
a4 b6 9. f4 Bb7 10. Kh1 Nbd7 11. Qe2 Be7 12. Bd2 O-O 13. Rae1 Nc5 14. b4
Nxd3 15. cxd3 Rac8 16. Rc1 Qd8 17. Qf3 Nd7 18. Qh3 Bf6 19. Nf3 e5 20. f5 d5
21. exd5 Be7 22. Qg3 Re8 23. Bh6 Bf8 24. Ne4 Nf6 25. Rxc8 Bxc8 26. Bg5 Be7
27. Bxf6 Bxf6 28. Nfg5 Bb7 29. Nxf6+ Qxf6 30. Ne4 Qh6 31. f6 Bxd5 32. Nd6
Re6 33. Qg4 Qg6 34. Rc1 Bxg2+ 35. Qxg2 1-0

[Event "40th Bosna Open"]
[Site "Sarajevo BIH"]
[Date "2010.05.09"]
[Round "5"]
[White "Das,Arg"]
[Black "Lenic,L"]
[Result "0-1"]
[WhiteElo "2481"]
[BlackElo "2592"]
[EventDate "2010.05.05"]

1. e4 c6 2. d4 d5 3. e5 Bf5 4. Nd2 e6 5. Nb3 Nd7 6. Nf3 Ne7 7. Be2 Bg6 8.
O-O a6 9. Bd2 Nf5 10. c4 dxc4 11. Bxc4 Be7 12. a4 O-O 13. Ba5 b6 14. Bd2 b5
15. Be2 Nb6 16. a5 Nc4 17. Bc3 Qd5 18. Nc5 Nxd4 19. Qxd4 Bxc5 20. Qf4 Qe4
21. Qxe4 Bxe4 22. b3 b4 23. Ra4 Rfb8 24. Bxb4 Rxb4 25. Rxb4 Bxb4 26. Bxc4
Bxa5 27. Ra1 Bc3 28. Rxa6 Rd8 29. Be2 h6 30. Kf1 g5 31. h3 c5 32. Ra7 Bc2
33. Rc7 Bb4 34. Bc4 Rd1+ 35. Ke2 Rb1 36. Nh2 Re1+ 37. Kf3 Bd1+ 38. Kg3 Bd2
39. h4 Bf4+ 40. Kh3 g4+ 0-1

[Event "40th Bosna Open"]
[Site "Sarajevo BIH"]
[Date "2010.05.09"]
[Round "5"]
[White "Godena,M"]
[Black "Kargin,A"]
[Result "1-0"]
[WhiteElo "2554"]
[BlackElo "2392"]
[EventDate "2010.05.05"]

1. e4 c5 2. c3 Nf6 3. e5 Nd5 4. Nf3 Nc6 5. Bc4 Nb6 6. Bb3 c4 7. Bc2 Qc7 8.
Qe2 g5 9. Na3 g4 10. Nb5 Qb8 11. Nh4 Nxe5 12. O-O d6 13. b3 Bd7 14. bxc4
Nbxc4 15. d4 Bxb5 16. dxe5 d5 17. e6 Qe5 18. exf7+ Kd8 19. Qxg4 Qxc3 20.
Rb1 Bc6 21. Bb3 Qg7 22. Qf3 d4 23. Qh5 Nd6 24. Bf4 1-0

[Event "40th Bosna Open"]
[Site "Sarajevo BIH"]
[Date "2010.05.09"]
[Round "5"]
[White "Pruijssers,R"]
[Black "Sengupta,D"]
[Result "1/2-1/2"]
[WhiteElo "2443"]
[BlackElo "2508"]
[EventDate "2010.05.05"]

1. e4 e6 2. d4 d5 3. Nc3 Nf6 4. e5 Nfd7 5. f4 c5 6. Nf3 Nc6 7. Be3 cxd4 8.
Nxd4 Bc5 9. Qd2 O-O 10. O-O-O a6 11. Qf2 Qe7 12. Kb1 Nxd4 13. Bxd4 b5 14.
Bxc5 Qxc5 15. Qxc5 Nxc5 16. Rd4 Bb7 17. Be2 Rac8 18. Re1 Rc7 19. a4 bxa4
20. Nxa4 Nd7 21. Bd3 a5 22. Bb5 Bc6 23. Bxc6 Rxc6 24. c4 Nc5 25. cxd5 exd5
26. Rc1 Nb3 27. Rxc6 Nxd4 28. Rd6 f6 29. e6 Rc8 30. Nc5 Re8 31. b3 g6 32.
Kb2 h5 33. g3 h4 34. gxh4 Kg7 35. Ra6 Kh6 36. Ka3 Ne2 37. Ka4 Rc8 38. Nd7
Kg7 39. Ra7 Re8 40. Nc5+ Kh6 41. Rf7 Nxf4 42. Rxf6 Nh5 43. Rf1 Rc8 44. Nb7
Ng7 45. Re1 d4 46. Nxa5 d3 47. Nc4 Re8 48. e7 Nf5 49. Rd1 Rxe7 50. Rxd3 Re4
51. Kb5 Rxh4 52. Ne5 Re4 53. Nf3 g5 54. Kc5 g4 55. Nd4 Ne7 56. b4 Nc8 57.
Nc6 Rf4 58. b5 Rf2 59. Ne5 Rc2+ 60. Nc4 Rxh2 61. Rd8 Rh5+ 62. Kb4 Ne7 63.
Rh8+ Kg6 64. Rxh5 Kxh5 65. Kc5 g3 66. Ne3 1/2-1/2

[Event "40th Bosna Open"]
[Site "Sarajevo BIH"]
[Date "2010.05.09"]
[Round "5"]
[White "Rukavina,J"]
[Black "Nevednichy,V"]
[Result "0-1"]
[WhiteElo "2397"]
[BlackElo "2560"]
[EventDate "2010.05.05"]

1. Nf3 g6 2. c4 Bg7 3. e4 d6 4. d4 Nf6 5. Nc3 O-O 6. Be2 Nbd7 7. O-O e5 8.
Re1 Re8 9. Bf1 a6 10. d5 a5 11. Be3 Nc5 12. Bg5 h6 13. Bh4 Bd7 14. Nd2 Qb8
15. f3 Nh7 16. Rb1 h5 17. Nb3 Nxb3 18. Qxb3 Bf6 19. Bf2 b6 20. Qc2 Qd8 21.
b3 Bh4 22. a3 Bxf2+ 23. Qxf2 h4 24. Bd3 Kg7 25. Rf1 Qf6 26. Qd2 g5 27. Nd1
Nf8 28. Ne3 Ng6 29. Rf2 Nf4 30. Bf1 Qg6 31. Qc2 g4 32. fxg4 Bxg4 33. Kh1
Rh8 34. Bd3 Qg5 35. Rbf1 Bd7 36. Qc3 f6 37. Be2 Kf7 38. Bd1 Rhg8 39. Bf3
Qh6 40. Ra1 Rg3 41. Rfa2 h3 42. Rf1 Rh8 43. Kg1 hxg2 44. hxg3 Qh2+ 0-1

[Event "40th Bosna Open"]
[Site "Sarajevo BIH"]
[Date "2010.05.09"]
[Round "5"]
[White "Jakovljevic,Vlado"]
[Black "Martinovic,Sa"]
[Result "0-1"]
[WhiteElo "2395"]
[BlackElo "2515"]
[EventDate "2010.05.05"]

1. Nf3 Nf6 2. c4 g6 3. d4 Bg7 4. g3 d5 5. cxd5 Nxd5 6. Bg2 Nb6 7. Nc3 Nc6
8. e3 O-O 9. O-O Re8 10. d5 Na5 11. Nd4 Bd7 12. e4 c6 13. Re1 cxd5 14. exd5
Qc8 15. Bg5 Bg4 16. f3 Bd7 17. Kh1 Nac4 18. b3 h6 19. Bxh6 Bxh6 20. bxc4
Qxc4 21. Nde2 Rac8 22. Rb1 Red8 23. f4 Bg7 24. Rc1 Bg4 25. Qd2 Qb4 26. Qe3
Qa3 27. Nd1 Qxa2 28. Rxc8 Rxc8 29. Nf2 Nxd5 30. Qe4 Nf6 31. Qe3 Nd5 32. Qe4
Bxe2 33. Qxd5 Qxd5 34. Bxd5 Rc2 35. Bxb7 Bd4 36. Nh3 e6 37. Ng1 Bc4 38. Nf3
Bb2 39. Ne5 Bb3 40. Be4 Rd2 41. Re3 Ba2 42. Nf3 Rd1+ 43. Kg2 Bc4 44. Bc2
Rc1 45. Bb3 Bb5 46. Ne5 Bf1+ 47. Kf3 Bd4 0-1

[Event "40th Bosna Open"]
[Site "Sarajevo BIH"]
[Date "2010.05.09"]
[Round "5"]
[White "Rapport,R"]
[Black "Nikcevic,N"]
[Result "0-1"]
[WhiteElo "2509"]
[BlackElo "2387"]
[EventDate "2010.05.05"]

1. d4 d5 2. Nf3 c6 3. c4 e6 4. e3 Nf6 5. Bd3 Nbd7 6. O-O Bd6 7. Nc3 dxc4 8.
Bxc4 b5 9. Bb3 b4 10. Ne2 O-O 11. Ng3 c5 12. Bd2 a5 13. Rc1 Bb7 14. Qe2 Qb6
15. Rfd1 Rfc8 16. Be1 cxd4 17. exd4 Bf4 18. Rxc8+ Rxc8 19. Bd2 Bxd2 20.
Nxd2 Qc6 21. Nf3 Nb6 22. Rd2 a4 23. Rc2 Qe8 24. Rxc8 Qxc8 25. Bd1 Bxf3 26.
Qxf3 Qc1 27. Nf1 Nfd5 28. Qe2 g6 29. Qc2 Qa1 30. h4 Qxa2 31. h5 Qc4 32. Qe4
Qc1 33. Qe5 Qf4 34. Qe2 Qxd4 35. Qb5 Kg7 36. Qe8 Qxd1 37. h6+ Kxh6 38. Qf8+
Kg5 39. Qg7 Nc4 40. g4 Nd2 41. Qe5+ f5 0-1

[Event "40th Bosna Open"]
[Site "Sarajevo BIH"]
[Date "2010.05.09"]
[Round "5"]
[White "Vuilleumier,A"]
[Black "Tratar,M"]
[Result "0-1"]
[WhiteElo "2352"]
[BlackElo "2507"]
[EventDate "2010.05.05"]

1. d4 d6 2. e4 g6 3. Nc3 Bg7 4. Bg5 a6 5. Qd2 b5 6. f4 Bb7 7. Nf3 Nd7 8.
Rd1 c5 9. d5 b4 10. Na4 Qa5 11. b3 Nb6 12. e5 Nxa4 13. bxa4 f6 14. Bh4 dxe5
15. d6 e4 16. dxe7 Qc7 17. Ne5 Nxe7 18. Qd7+ Qxd7 19. Nxd7 O-O-O 20. Nxc5
Nf5 21. Bg3 Rxd1+ 22. Kxd1 Rd8+ 23. Kc1 Ne3 24. Bxa6 Bxa6 25. Nxa6 f5 26.
Re1 Bc3 27. Rxe3 Bd2+ 28. Kb2 Bxe3 29. Nxb4 Rd2 0-1